Pays avec 100 millions d'habitants en 2100 - Statistiques

Statistiques générales
  • Ce quiz a été pris 149 fois
    118 depuis la dernière actualisation
  • Le résultat moyen est 17 sur 22
Statistiques - réponses
Population Pays % Correct
1,064,993,459 Chine
100%
1,450,420,839 Inde
100%
433,853,891 Etats-Unis
97%
180,682,756 Brésil
92%
126,142,656 Russie
92%
164,947,332 Niger
90%
732,941,597 Nigeria
89%
320,782,424 Indonésie
88%
141,509,743 Mexique
86%
362,031,082 République démocratique du Congo
86%
403,102,827 Pakistan
83%
224,735,180 Égypte
82%
294,392,896 Éthiopie
79%
151,393,020 Bangladesh
76%
285,651,848 Tanzanie
68%
125,423,854 Kenya
67%
146,327,435 Philippines
67%
188,283,138 Angola
63%
142,342,349 Soudan
63%
123,646,947 Mozambique
54%
107,711,273 Irak
44%
136,784,883 Ouganda
40%
Aucun quiz correspondant
Distribution des résultats
% des personnes avec chaque résultat
Percentile par nombre de réponses
Votre historique - résultats
Vous n’avez pas pris ce quiz depuis la dernière actualisation